书目信息 |
| 题名: |
Windows95速成
|
|
| 作者: | 徐山鹰 编著 | |
| 分册: | ||
| 出版信息: | 北京 人民邮电出版社 1998.05 |
|
| 页数: | 247页 | |
| 开本: | 大32开 | |
| 丛书名: | ||
| 单 册: | ||
| 中图分类: | ||
| 科图分类: | ||
| 主题词: | 软件 | |
| 电子资源: | ||
| ISBN: | 7-115-07100-4 | |
| 000 | 00572nam0 2200205 45 | |
| 001 | 9911231661 | |
| 005 | 19991123161329.0 | |
| 010 | @a7-115-07100-4@d14.00元 | |
| 100 | @a19991123d1998 km y0chiy0120 ea | |
| 101 | @achi | |
| 105 | @a z 000yy | |
| 200 | 1 | @aWindows95速成@AWindows95 Su Cheng@f徐山鹰,王军波编著@FXu Shan Ying,Wang Jun Bo Bian Zhu |
| 210 | @a北京@c人民邮电出版社@d1998.05 | |
| 215 | @a247页@d大32开 | |
| 606 | 0 | @a软件 |
| 690 | @v3 | |
| 690 | @aTP316 | |
| 701 | @a徐山鹰@4编著 | |
| 801 | @aCN@bPFTUser@c19991123 | |
| 905 | @f5@b44635-639@dTP316@eX925 | |
| Windows95速成/徐山鹰,王军波编著.-北京:人民邮电出版社,1998.05 |
| 247页;大32开 |
| ISBN 7-115-07100-4:14.00元 |
| ● |
| 相关链接 |
|
|
|
正题名:Windows95速成
索取号:TP316/X925
 
预约/预借
| 序号 | 登录号 | 条形码 | 馆藏地/架位号 | 状态 | 备注 |
| 1 | 44635 | 200446357 | 自科二线504/504自科库 6排1列3层/ [索取号:TP316/X925] | 在馆 | |
| 2 | 44636 | 200446366 | 期刊室512/301自科库 51排4列4层/ [索取号:TP316/X925] | 在馆 | |
| 3 | 44637 | 200446375 | 期刊室512/301自科库 51排4列4层/ [索取号:TP316/X925] | 在馆 | |
| 4 | 44638 | 200446384 | 自科二线504/504自科库 5排3列5层/ [索取号:TP316/X925] | 在馆 | |
| 5 | 44639 | 200446393 | 自科二线504/504自科库 6排1列3层/ [索取号:TP316/X925] | 在馆 |